[Event "Arco Christmas op 5th"]
[Site "Arco"]
[Date "2014.12.28"]
[Round "4"]
[White "Negro, Roberto"]
[Black "Buglisi, Massimo"]
[Result "1-0"]
[WhiteElo "2143"]
[BlackElo "1910"]
[PlyCount "85"]
[EventDate "2014.12.26"]
[EventType "swiss"]
[EventRounds "7"]
[EventCountry "ITA"]
[SourceTitle "CBM 164 Extra"]
[Source "ChessBase"]
[SourceDate "2015.03.02"]
[SourceVersion "1"]
[SourceVersionDate "2015.03.02"]
[SourceQuality "1"]

1. d4 Nf6 2. Nf3 g6 3. g3 Bg7 4. Bg2 0-0 5. 0-0 c5 6. d5 d6 7. Nc3 Na6 8. Nd2 Nc7 9. a4 b6 10. Nc4 Rb8 11. Re1 Ba6 12. Na3 b5 13. axb5 Nxb5 14. Naxb5 Bxb5 15. Rxa7 Bd7 16. Ra2 Ng4 17. Ne4 Qc7 18. h3 Ne5 19. b3 f5 20. Ng5 h6 21. Nf3 Kh7 22. Nxe5 Bxe5 23. f4 Bg7 24. e4 fxe4 25. Rxe4 Bf5 26. Rea4 Bd7 27. Ra7 Rb7 28. Rxb7 Qxb7 29. Qe2 Bb5 30. c4 Be8 31. Ra3 Bf6 32. Kh2 Bf7 33. Bb2 Ra8 34. Rxa8 Qxa8 35. Bxf6 exf6 36. Qe7 Kg7 37. Qxd6 Qa2 38. Qxc5 Qxb3 39. Qc7 h5 40. d6 h4 41. gxh4 g5 42. hxg5 Kg6 43. Qc6 1-0